000 00520nam a2200181Ia 4500
008 090123s9999 xx 000 0 und d
082 _b10428
_a891.463/नंदा
100 _aनंदा गुलशन
245 _aमर्यादा
250 _a1
260 _bदिलिप प्रकाशन
_c1986
300 _a228
600 _aनंदा गुलशन
630 _aमर्यादा
700 _aनंदा गुलशन
730 _aमर्यादा
942 _cBOOK
999 _c48493
_d48493